Political Parties of New Zealand - Statistics

General Stats
  • This quiz has been taken 23 times
  • The average score is 6 of 15
Answer Stats
Hint Answer % Correct
New Zealand's environmentalist party. You'll never guess what it's called. Green Party of Aotearoa New Zealand
100%
Party that represents the people that were in New Zealand before British settlement. Maori Party
100%
Current party in power. New Zealand Labour Party
95%
Primary opposition party. New Zealand National Party
79%
A classical liberal party. Socially conservative and economically liberal. Act
74%
A nationalist-populist party. New Zealand First
58%
A modern day right wing party. New Conservative
21%
Seeks to protect the environment of New Zealand. Is also anti-vaccine and anti-lockdown. New Zealand Outdoors and Freedom Party
16%
A centre left party advocating for a system devised by C.H. Douglas. Social Credit
16%
Party whose prime purpose is the legalization of a certain drug. Aoteoroa Legalize Cannibis Party
11%
Potentially radical centrist party. The Opportunities Party
11%
Christian fundamentalist party. One Party
5%
An anti-racist, but economically conservative party. Tea Party New Zealand
5%
Far Right Nationalist party. Vision New Zealand
5%
An agrarian party. Heartland New Zealand Party
0%
No matching quizzes found
Score Distribution
Percent of People with Each Score
Percentile by Number Answered
Your Score History
You have not taken this quiz